000 00389nam a2200181Ia 4500
008 240510s9999 xx 000 0 und d
020 _a9781578262304
041 _aEng
082 _a155.3
082 _bD16
100 _aLUADZERS ,Darcy
245 0 _aVirgin Sex for Guys
260 _bNew York:Hatherleigh
260 _c2006
300 _a301 p.
942 _2ddc
942 _cLBK
999 _c28884
_d28884
945 _a1
_bMadushi Gamage
_c1
_dMadushi Gamage